00594 2200217 4500001002100000005001500021035002000036007000300056008004100059082001000100084001600110100002100126245009200147250001000239260003100249300003200280650001700312700001700329700001900346990001100365INLIS00000000000877120210505111413 a0010-0521000064ta210505 d 1 ind  a741.5 a741.5 MIY p0 aMIYAWAKI, Yukino1 aPrincess Ver.1 Vol. 3 /cMiyawaki Yukino;alih bahasa, Olce Balukh;editor, Sri Nurhayati acet.1 aJakarta :bGramedia,c2006 a189 hlm. :bilus. ;c17 cm. 4aKOMIK.BACAAN0 aOLCE, Balukh0 aSRI, Nurhayati a8251 a